English syntax : a grammar for English language professionals /

Zapisane w:
Opis bibliograficzny
1. autor: Jacobs, Roderick A.
Korporacja: First News.
Kolejni autorzy: Nguyễn Văn Phước., Vũ Tài Hoa.
Format: Książka
Język:English
Wydane: Đà Nẵng : Nxb Đà Nẵng, 2003.
Wydanie:New ed.
Seria:Giáo trình tiếng Anh chuyên ngành.
Hasła przedmiotowe:
Etykiety: Dodaj etykietę
Nie ma etykietki, Dołącz pierwszą etykiete!
Thư viện lưu trữ: Mạng thư viện Đại học Đà Nẵng
LEADER 01450cam a22004091a 4500
001 000035680
003 11968
005 20221108102008.0
008 160318s2003 vm 000 eng
020 |a 0194342778 :  |c 22000 
040 |a Lnn  |c Lnn  |d Lnn 
041 0 |a eng 
082 1 4 |a 425  |b JA-R 
100 1 |a Jacobs, Roderick A. 
245 1 0 |a English syntax :  |b a grammar for English language professionals /  |c Roderick A. Jacobs ; Nguyễn Văn Phước, Vũ Tài Hoa, First News. 
250 |a New ed. 
260 |a Đà Nẵng :  |b Nxb Đà Nẵng,  |c 2003. 
300 |a 378 tr. ;  |c 20,5 cm. 
440 0 |a Giáo trình tiếng Anh chuyên ngành. 
630 0 4 |a English language. 
630 0 4 |a Syntax. 
650 0 4 |a English language  |x Grammar. 
650 0 4 |a English language  |x Syntax  |x Outline, syllabi, etc. 
650 0 4 |a English language  |x Grammar  |x Outlines, syllabi, etc. 
700 1 |a Nguyễn Văn Phước. 
700 1 |a Vũ Tài Hoa. 
710 2 |a First News. 
OWN |a LNN 
AVA |a UDN50  |b LNN  |c English  |d 425 JA-R  |e available  |t Error 5001 Not defined in file expand_doc_bib_avail.  |f 4  |g 0  |h N  |i 0  |j AN 
999 |a From the UDN01 
AVA |a UDN50  |b LNN  |c English  |d 425 JA-R  |e available  |t Error 5001 Not defined in file expand_doc_bib_avail.  |f 4  |g 0  |h N  |i 0  |j AN 
TYP |a Monograph 
TYP |a Printed language 
980 |a Mạng thư viện Đại học Đà Nẵng